[Event "Meesterklasse 2018-2109"]
[Site "?"]
[Date "2018.12.15"]
[Round "5.1"]
[White "Bosch, Jeroen"]
[Black "Cardon, Helmut"]
[Result "1/2-1/2"]
[WhiteElo "2410"]
[BlackElo "2392"]
[PlyCount "159"]
[EventDate "2018.09.15"]
[EventType "team-tourn"]
[EventRounds "9"]
[EventCountry "NED"]
[WhiteTeam "HMC Den Bosch"]
[BlackTeam "HWP Sas van Gent"]
[WhiteTeamCountry "NED"]
[BlackTeamCountry "NED"]

1. d4 Nf6 2. Nf3 e6 3. Bg5 c5 4. e3 cxd4 5. exd4 b6 6. Bd3 Bb7 7. O-O Be7 8. c4
O-O 9. Nc3 d5 10. Bxf6 Bxf6 11. cxd5 exd5 12. Re1 Nc6 13. Qa4 a6 14. Rad1 b5
15. Qb3 Na5 16. Qc2 g6 17. b3 Rc8 18. Qd2 Nc6 19. Bf1 Qd6 20. g3 Rfe8 21. Bg2
Kg7 22. Re3 Rxe3 23. fxe3 Ne7 24. Ne2 Rc7 25. Rc1 Bc8 26. Rxc7 Qxc7 27. Qc3 Qb6
28. b4 Bf5 29. Nd2 Bg5 30. Nf4 Bxf4 31. exf4 Qe6 32. Kf2 Bg4 33. Qe3 Bd1 34.
Nb1 Qxe3+ 35. Kxe3 Bg4 36. Nc3 Be6 37. a3 Kf8 38. Kd2 Ke8 39. Nd1 Kd7 40. Ne3
Kd6 41. g4 f6 42. Bf1 Nc8 43. Bd3 Kc6 44. f5 Bf7 45. fxg6 hxg6 46. h4 Ne7 47.
g5 fxg5 48. hxg5 Be6 49. Ke2 Kd6 50. Kf3 Bf7 51. Ng2 Nc6 52. Ke3 Nd8 53. Nh4
Ne6 54. Nf3 Be8 55. Bf1 Bd7 56. Bd3 Be8 57. Bc2 Nf8 58. Kf4 Ne6+ 59. Kg3 Nf8
60. Bd3 Ne6 61. Bf1 Nf8 62. Kh4 Ke7 63. Kg3 Bd7 64. Bd3 Be8 65. Kf4 Kd6 66. Ke3
Ne6 67. Bf1 Nf8 68. Bd3 Ne6 69. Bb1 Nf8 70. Bc2 Ne6 71. Bd3 Nf8 72. Bf1 Bd7 73.
Nh4 Ne6 74. Nf3 Nf8 75. Bd3 Be8 76. Kf4 Ne6+ 77. Ke3 Nf8 78. Ne5 Ne6 79. Nf3
Nf8 80. Kf4 1/2-1/2

[Event "Meesterklasse 2018-2109"]
[Site "?"]
[Date "2018.12.15"]
[Round "5.2"]
[White "Leenhouts, Koen"]
[Black "Martens, Martin"]
[Result "1/2-1/2"]
[WhiteElo "2460"]
[BlackElo "2369"]
[PlyCount "159"]
[EventDate "2018.09.15"]
[EventType "team-tourn"]
[EventRounds "9"]
[EventCountry "NED"]
[WhiteTeam "HWP Sas van Gent"]
[BlackTeam "HMC Den Bosch"]
[WhiteTeamCountry "NED"]
[BlackTeamCountry "NED"]

1. d4 Nf6 2. c4 e6 3. Nc3 Bb4 4. Qc2 c5 5. dxc5 Bxc5 6. g3 Qb6 7. e3 Qc6 8. f3
O-O 9. a3 a6 10. Bg2 d5 11. cxd5 exd5 12. Nge2 Re8 13. O-O Bxe3+ 14. Bxe3 Rxe3
15. Rad1 Qc5 16. Kh1 Nc6 17. Qd2 Bf5 18. Qc1 Rd3 19. g4 Bg6 20. g5 Nh5 21. f4
Rxd1 22. Qxd1 d4 23. Ne4 Bxe4 24. Bxe4 Rd8 25. Qd3 g6 26. Bf3 Ng7 27. Ng3 Qb5
28. Qxb5 axb5 29. Ne4 Ne6 30. Bd1 Ne7 31. Bb3 b6 32. Rc1 d3 33. Bxe6 fxe6 34.
Kg2 Nd5 35. Kg3 Kf7 36. h4 Ke7 37. Nd2 Rf8 38. Rf1 Ne3 39. Rf3 Nf5+ 40. Kg4 Rd8
41. Kh3 Rd4 42. Rf1 Kd7 43. Nf3 Rd5 44. Rd1 Ke7 45. Rd2 Nd6 46. Rd1 Ne4 47. Kg2
d2 48. Ne5 Nd6 49. Kf2 Nc4 50. Nxc4 bxc4 51. Ke3 Rd3+ 52. Ke2 Rh3 53. Rxd2 Rxh4
54. Ke3 b5 55. Ke4 h6 56. gxh6 Rxh6 57. Rg2 Kf6 58. Rg5 Rh5 59. Rg2 Rh3 60. Rc2
Rb3 61. a4 Rb4 62. Kd4 c3+ 63. Kxc3 Rxa4 64. b4 Kf5 65. Re2 Kxf4 66. Rxe6 g5
67. Rf6+ Ke4 68. Rb6 g4 69. Rxb5 g3 70. Rg5 Kf3 71. Kc4 g2 72. Kc5 Ra1 73. b5
g1=Q+ 74. Rxg1 Rxg1 75. b6 Rb1 76. Kc6 Ke4 77. b7 Ke5 78. Kc7 Kd5 79. b8=Q Rxb8
80. Kxb8 1/2-1/2

[Event "Meesterklasse 2018-2109"]
[Site "?"]
[Date "2018.12.15"]
[Round "5.3"]
[White "Van der Stricht, Geert"]
[Black "Verstraeten, Rein"]
[Result "1-0"]
[WhiteElo "2333"]
[BlackElo "2369"]
[PlyCount "161"]
[EventDate "2018.09.15"]
[EventType "team-tourn"]
[EventRounds "9"]
[EventCountry "NED"]
[WhiteTeam "HMC Den Bosch"]
[BlackTeam "HWP Sas van Gent"]
[WhiteTeamCountry "NED"]
[BlackTeamCountry "NED"]

1. d4 Nf6 2. c4 g6 3. Nc3 Bg7 4. e4 d6 5. Nf3 O-O 6. Be2 e5 7. O-O Na6 8. Re1
c6 9. Bf1 exd4 10. Nxd4 Ng4 11. h3 Qb6 12. hxg4 Qxd4 13. g5 Nc5 14. Qe2 Qe5 15.
f4 Qe7 16. Qf2 f6 17. gxf6 Bxf6 18. Bd2 Bg4 19. Rac1 Rae8 20. b4 Ne6 21. Be3
Bxc3 22. Rxc3 Nxf4 23. Bxf4 Qf6 24. Ra3 Qxf4 25. Qxf4 Rxf4 26. Rxa7 Rf7 27. a4
Ree7 28. a5 Kg7 29. b5 Kf6 30. b6 Ke5 31. Rb1 c5 32. a6 g5 33. Rb3 Rg7 34. Rb2
Be6 35. Be2 h5 36. Kf2 g4 37. g3 Kd4 38. Rd2+ Ke5 39. Rb2 Ref7+ 40. Ke3 Rh7 41.
Rb1 Rd7 42. Rh1 Kf6 43. Bd3 Kg5 44. e5 Bf5 45. Bxf5 Kxf5 46. axb7 Rxb7 47. exd6
Rxa7 48. bxa7 Rxa7 49. Rxh5+ Ke6 50. Rd5 Kd7 51. Kf4 Ra4 52. Rxc5 Kxd6 53. Rd5+
Ke6 54. Rd4 Ra3 55. Re4+ Kf6 56. Kxg4 Rc3 57. Kf4 Rc1 58. Rd4 Rf1+ 59. Kg4 Rc1
60. Rf4+ Kg6 61. Rd4 Kf6 62. Kh5 Rg1 63. Rf4+ Ke5 64. Kh4 Rg2 65. Kg4 Rg1 66.
Rf5+ Ke6 67. Ra5 Rc1 68. c5 Kf6 69. Ra6+ Ke5 70. c6 Rc4+ 71. Kg5 Rc5 72. g4 Rc4
73. Kh5 Kf4 74. g5 Kf5 75. Kh6 Rc1 76. g6 Kf6 77. c7+ Kf5 78. Ra5+ Kf6 79. Ra6+
Kf5 80. Ra2 Rh1+ 81. Kg7 1-0

[Event "Meesterklasse 2018-2109"]
[Site "?"]
[Date "2018.12.15"]
[Round "5.4"]
[White "Maenhout, Thibaut"]
[Black "Burg, Twan"]
[Result "1/2-1/2"]
[WhiteElo "2393"]
[BlackElo "2521"]
[PlyCount "48"]
[EventDate "2018.09.15"]
[EventType "team-tourn"]
[EventRounds "9"]
[EventCountry "NED"]
[WhiteTeam "HWP Sas van Gent"]
[BlackTeam "HMC Den Bosch"]
[WhiteTeamCountry "NED"]
[BlackTeamCountry "NED"]

1. c4 Nf6 2. Nc3 e5 3. Nf3 Nc6 4. e3 Bb4 5. Qc2 Bxc3 6. Qxc3 Qe7 7. Be2 O-O 8.
O-O d5 9. d4 exd4 10. Nxd4 Nxd4 11. Qxd4 dxc4 12. Bxc4 Be6 13. b3 Rfd8 14. Qh4
Bxc4 15. Qxc4 Ne4 16. Qc2 Rd7 17. f3 Nc5 18. Rd1 Rxd1+ 19. Qxd1 Rd8 20. Qc2 Nd3
21. Bd2 h6 22. Rd1 Nb4 23. Bxb4 Rxd1+ 24. Qxd1 Qxb4 1/2-1/2

[Event "Meesterklasse 2018-2109"]
[Site "?"]
[Date "2018.12.15"]
[Round "5.5"]
[White "Van Dael, Siem"]
[Black "De Schampheleire, Glen"]
[Result "1-0"]
[WhiteElo "2203"]
[BlackElo "2379"]
[PlyCount "85"]
[EventDate "2018.09.15"]
[EventType "team-tourn"]
[EventRounds "9"]
[EventCountry "NED"]
[WhiteTeam "HMC Den Bosch"]
[BlackTeam "HWP Sas van Gent"]
[WhiteTeamCountry "NED"]
[BlackTeamCountry "NED"]

1. e4 e5 2. Nf3 Nc6 3. d4 exd4 4. Nxd4 Nf6 5. Nxc6 bxc6 6. e5 Qe7 7. Qe2 Nd5 8.
h4 a5 9. g3 Ba6 10. c4 Qc5 11. Nd2 O-O-O 12. Qe4 f5 13. Qxf5 Ne7 14. Qe4 Ng6
15. f4 d5 16. Qf5+ Kb8 17. Nb3 Qb6 18. c5 Bxc5 19. Nxc5 Bxf1 20. Rxf1 Qxc5 21.
Bd2 Qb5 22. Rf3 a4 23. Qd3 Kb7 24. Rc1 Ne7 25. Qa3 Nf5 26. Rc5 Qa6 27. Rfc3 d4
28. R3c4 Ne3 29. Qb4+ Qb6 30. Bxe3 dxe3 31. Qxa4 Ra8 32. Qxc6+ Qxc6 33. Rxc6
Rxa2 34. Rxc7+ Kb6 35. R4c6+ Kb5 36. Rc2 Ra1+ 37. Rc1 Ra2 38. Rxg7 Rd8 39. Rb7+
Ka6 40. Rb3 Rd2 41. Ra3+ Rxa3 42. bxa3 Rg2 43. Rc3 1-0

[Event "Meesterklasse 2018-2109"]
[Site "?"]
[Date "2018.12.15"]
[Round "5.6"]
[White "Motwani, Paul"]
[Black "Umudova, Nargiz"]
[Result "1-0"]
[WhiteElo "2435"]
[BlackElo "2244"]
[PlyCount "63"]
[EventDate "2018.09.15"]
[EventType "team-tourn"]
[EventRounds "9"]
[EventCountry "NED"]
[WhiteTeam "HWP Sas van Gent"]
[BlackTeam "HMC Den Bosch"]
[WhiteTeamCountry "NED"]
[BlackTeamCountry "NED"]

1. Nf3 Nf6 2. c4 e6 3. g3 a6 4. d3 b5 5. e4 Bb7 6. e5 Ng4 7. d4 d6 8. h3 Nh6 9.
Bxh6 gxh6 10. exd6 Qxd6 11. Bg2 Bg7 12. O-O O-O 13. Qe2 c5 14. cxb5 cxd4 15.
Na3 Nd7 16. Rfd1 Kh8 17. Nc4 Qd5 18. Ne1 Qxb5 19. a4 Qb4 20. Nc2 Qb3 21. Ra3 d3
22. Rxb3 dxe2 23. Rxd7 Bd5 24. Bxd5 exd5 25. Rxd5 Rac8 26. N4e3 Rfe8 27. Rd2
Rb8 28. Rxb8 Rxb8 29. b4 Bc3 30. Rxe2 Bxb4 31. Nxb4 Rxb4 32. Nf5 1-0

[Event "Meesterklasse 2018-2109"]
[Site "?"]
[Date "2018.12.15"]
[Round "5.7"]
[White "Schoorl, Rob"]
[Black "Piceu, Tom"]
[Result "1/2-1/2"]
[WhiteElo "2269"]
[BlackElo "2334"]
[PlyCount "127"]
[EventDate "2018.09.15"]
[EventType "team-tourn"]
[EventRounds "9"]
[EventCountry "NED"]
[WhiteTeam "HMC Den Bosch"]
[BlackTeam "HWP Sas van Gent"]
[WhiteTeamCountry "NED"]
[BlackTeamCountry "NED"]

1. Nf3 Nf6 2. c4 e6 3. g3 d5 4. b3 c5 5. cxd5 Nxd5 6. Bb2 Nd7 7. Bg2 N7f6 8.
O-O Be7 9. Na3 b6 10. Nc4 O-O 11. a3 Bb7 12. d3 b5 13. Nce5 Nd7 14. e4 Nxe5 15.
Nxe5 Nf6 16. Qe2 Qb6 17. Kh1 Rfd8 18. f4 a5 19. f5 a4 20. g4 h6 21. h4 Ne8 22.
g5 exf5 23. Rxf5 Nd6 24. Qh5 Rf8 25. Rf6 Bxf6 26. gxf6 Nxe4 27. dxe4 Qxf6 28.
Nd3 Qg6 29. Qxg6 fxg6 30. Nxc5 Bc6 31. bxa4 bxa4 32. Be5 Rf2 33. Rc1 Re8 34.
Bg3 Re2 35. Rc3 Rd8 36. Ne6 Rdd2 37. Nf4 Rxg2 38. Nxg2 Bxe4 39. Kg1 Rxg2+ 40.
Kf1 Rb2 41. Rc7 Rb3 42. Be5 Rh3 43. Rxg7+ Kf8 44. Rh7 Rxh4 45. Ke2 g5 46. Ra7
Bd5 47. Kd3 Ke8 48. Bd6 Bc6 49. Re7+ Kd8 50. Rg7 Bd7 51. Rg8+ Be8 52. Rg7 Rg4
53. Ke3 Rc4 54. Rh7 h5 55. Be7+ Kc8 56. Bxg5 Rc3+ 57. Kd2 Rxa3 58. Kc1 Rg3 59.
Rc7+ Kb8 60. Bf4 Rg4 61. Be5 Bg6 62. Rc4+ Kb7 63. Rxg4 hxg4 64. Kb2 1/2-1/2

[Event "Meesterklasse 2018-2109"]
[Site "?"]
[Date "2018.12.15"]
[Round "5.8"]
[White "Groffen, Hans"]
[Black "Mollema, Thomas"]
[Result "1/2-1/2"]
[WhiteElo "2131"]
[BlackElo "2223"]
[PlyCount "43"]
[EventDate "2018.09.15"]
[EventType "team-tourn"]
[EventRounds "9"]
[EventCountry "NED"]
[WhiteTeam "HWP Sas van Gent"]
[BlackTeam "HMC Den Bosch"]
[WhiteTeamCountry "NED"]
[BlackTeamCountry "NED"]

1. d4 Nf6 2. c4 e6 3. Nc3 Bb4 4. e3 b6 5. f3 c5 6. a3 Ba5 7. Rb1 Na6 8. Bd3
cxd4 9. exd4 Bxc3+ 10. bxc3 Nc7 11. Bg5 Ba6 12. Ne2 h6 13. Bh4 O-O 14. O-O Re8
15. c5 bxc5 16. dxc5 Qe7 17. Bf2 Rab8 18. Bxa6 Rxb1 19. Qxb1 Nxa6 20. Qb5 Nb8
21. Nd4 a6 22. Qa5 1/2-1/2

[Event "Meesterklasse 2018-2109"]
[Site "?"]
[Date "2018.12.15"]
[Round "5.9"]
[White "Broekmeulen, Jasper"]
[Black "Roos, Adrian"]
[Result "1-0"]
[WhiteElo "2374"]
[BlackElo "2318"]
[PlyCount "69"]
[EventDate "2018.09.15"]
[EventType "team-tourn"]
[EventRounds "9"]
[EventCountry "NED"]
[WhiteTeam "HMC Den Bosch"]
[BlackTeam "HWP Sas van Gent"]
[WhiteTeamCountry "NED"]
[BlackTeamCountry "NED"]

1. e4 c5 2. Nf3 d6 3. d4 cxd4 4. Nxd4 Nf6 5. Nc3 a6 6. f4 e5 7. Nf5 Nxe4 8.
Nxg7+ Bxg7 9. Nxe4 d5 10. Ng3 Nc6 11. Nh5 Bf8 12. Qxd5 Qh4+ 13. Ng3 Be6 14. Qe4
f5 15. Qa4 Rd8 16. Be3 Bh6 17. Bd3 Bxf4 18. Bxf4 Rd4 19. Qxd4 exd4 20. O-O Rf8
21. Bd6 Rf6 22. Ne2 Bd5 23. Bg3 Qg5 24. Rae1 Kd7 25. Rf4 Kc8 26. Ref1 Ne7 27.
Nxd4 Qg7 28. c4 Bf7 29. Nxf5 Nxf5 30. Bxf5+ Kd8 31. Rd1+ Ke8 32. Re4+ Kf8 33.
Rd8+ Be8 34. Rdxe8+ Kf7 35. R4e7# 1-0

[Event "Meesterklasse 2018-2109"]
[Site "?"]
[Date "2018.12.15"]
[Round "5.10"]
[White "Provoost, Simon"]
[Black "Senders, Mischa"]
[Result "1-0"]
[WhiteElo "2199"]
[BlackElo "2282"]
[PlyCount "57"]
[EventDate "2018.09.15"]
[EventType "team-tourn"]
[EventRounds "9"]
[EventCountry "NED"]
[WhiteTeam "HWP Sas van Gent"]
[BlackTeam "HMC Den Bosch"]
[WhiteTeamCountry "NED"]
[BlackTeamCountry "NED"]

1. c4 e5 2. g3 g6 3. Bg2 Bg7 4. Nc3 Ne7 5. e4 O-O 6. Nge2 Nbc6 7. d3 d6 8. O-O
Be6 9. Nd5 Nd4 10. Nxd4 exd4 11. Nxe7+ Qxe7 12. f4 c6 13. f5 Bd7 14. Qf3 gxf5
15. exf5 Bf6 16. Bd2 Rfe8 17. Rae1 Qf8 18. Qh5 Rxe1 19. Rxe1 Re8 20. Be4 Re5
21. Bf4 Ra5 22. g4 Rxa2 23. g5 Be5 24. f6 h6 25. Bxe5 dxe5 26. Kh1 Rxb2 27. Rg1
Qb4 28. gxh6+ Kh8 29. Qg5 1-0

[Event "Meesterklasse 2018-2109"]
[Site "?"]
[Date "2018.12.15"]
[Round "5.1"]
[White "Nijboer, Friso"]
[Black "Lemmers, Oscar"]
[Result "0-1"]
[WhiteElo "2494"]
[BlackElo "2326"]
[PlyCount "130"]
[EventDate "2018.09.15"]
[EventType "team-tourn"]
[EventRounds "9"]
[EventCountry "NED"]
[WhiteTeam "En Passant"]
[BlackTeam "Zuid Limburg"]
[WhiteTeamCountry "NED"]
[BlackTeamCountry "NED"]

1. e4 c5 2. Nf3 e6 3. d4 cxd4 4. Nxd4 a6 5. Nc3 Qc7 6. Bd3 Nf6 7. O-O Bc5 8.
Nb3 Be7 9. f4 d6 10. a4 b6 11. e5 Nfd7 12. exd6 Bxd6 13. Be3 Nc6 14. Ne4 Be7
15. c3 Nf6 16. Nxf6+ Bxf6 17. Qf3 O-O 18. Be4 Bd7 19. Rfd1 Rfc8 20. Nd2 b5 21.
axb5 axb5 22. Rxa8 Rxa8 23. Qh5 g6 24. Qxb5 Rb8 25. Qd3 Rxb2 26. Nc4 Rb7 27.
Nd6 Rb3 28. Nb5 Rxb5 29. Qxb5 Nd4 30. Qa6 Qxc3 31. Bf2 Bb5 32. Qb6 Ne2+ 33. Kh1
Ba4 34. Rf1 Qc4 35. Qe3 Ng3+ 36. hxg3 Qxf1+ 37. Kh2 Qb5 38. g4 h5 39. g5 Bg7
40. Bf3 Bb3 41. g4 hxg4 42. Bxg4 Bd5 43. Bf3 Bxf3 44. Qxf3 Qd5 45. Kg3 Bf8 46.
Be3 Bd6 47. Kf2 Qa2+ 48. Qe2 Qa4 49. Qd2 Qc6 50. Qd4 Qd5 51. Qf6 e5 52. fxe5
Bxe5 53. Qf3 Qa2+ 54. Qe2 Qe6 55. Qf3 Qc4 56. Kg2 Kg7 57. Kf2 Kf8 58. Kg2 Ke7
59. Kh3 Qc2 60. Bf2 Kf8 61. Qa8+ Kg7 62. Qf3 Qc8+ 63. Kg2 Qc2 64. Kh3 Qd2 65.
Kh4 Bf4 0-1

[Event "Meesterklasse 2018-2109"]
[Site "?"]
[Date "2018.12.15"]
[Round "5.2"]
[White "Buckels, Valentin"]
[Black "Berelowitsch, Alexander"]
[Result "1/2-1/2"]
[WhiteElo "2444"]
[BlackElo "2526"]
[PlyCount "197"]
[EventDate "2018.09.15"]
[EventType "team-tourn"]
[EventRounds "9"]
[EventCountry "NED"]
[WhiteTeam "Zuid Limburg"]
[BlackTeam "En Passant"]
[WhiteTeamCountry "NED"]
[BlackTeamCountry "NED"]

1. d4 d5 2. c4 e5 3. dxe5 d4 4. Nf3 Nc6 5. a3 Nge7 6. b4 Ng6 7. Bb2 a5 8. b5
Ncxe5 9. Nxe5 Nxe5 10. e3 Be6 11. Bxd4 Nxc4 12. Qc2 Nd6 13. Bd3 Qg5 14. O-O
Nxb5 15. Bxb5+ Qxb5 16. Qxc7 Rc8 17. Qg3 f6 18. Nc3 Qc6 19. a4 Bd6 20. f4 O-O
21. Nb5 Bc5 22. f5 Bd7 23. Rac1 Qb6 24. Rb1 Bxd4 25. Nxd4 Qc7 26. Qf3 b6 27.
Qd5+ Kh8 28. Rf2 Bxa4 29. Ne6 Qf7 30. Qa2 b5 31. Nxf8 Qxf8 32. Qd2 b4 33. Ra1
Qe8 34. Qd4 Bb5 35. Rd2 h6 36. h3 a4 37. Qxb4 Qxe3+ 38. Kh1 Rc5 39. Rd8+ Kh7
40. Qg4 Be8 41. Rad1 a3 42. R8d3 Qg5 43. Rxa3 Rxf5 44. Qe4 Qg6 45. Qa8 Re5 46.
Rd8 Qc2 47. Rc8 Qd2 48. Kh2 Qf4+ 49. Rg3 Re3 50. Qb8 Qxb8 51. Rxb8 Rxg3 52.
Kxg3 Bc6 53. h4 h5 54. Rc8 Be4 55. Rc4 Bb7 56. Rc2 Kg6 57. Kf4 Bd5 58. Re2 Bc6
59. Rd2 Bb7 60. g4 hxg4 61. Kxg4 Bc8+ 62. Kf4 Be6 63. Rd8 Kf7 64. h5 Ke7 65.
Ra8 Kf7 66. Rh8 Ke7 67. Ke4 Bg4 68. Kd5 Bf3+ 69. Kc5 Ke6 70. Rh7 Ke5 71. Rxg7
Bxh5 72. Re7+ Kf5 73. Kd6 Kg6 74. Ra7 Be2 75. Ke7 f5 76. Ra2 Bg4 77. Ke6 f4+
78. Ke5 f3 79. Kf4 Bh5 80. Ra6+ Kg7 81. Kg5 Bf7 82. Rd6 Bc4 83. Rd7+ Bf7 84.
Rd3 f2 85. Rf3 f1=Q 86. Rxf1 Bc4 87. Rc1 Bd5 88. Rc7+ Kh8 89. Kg6 Be4+ 90. Kf6
Kg8 91. Rg7+ Kh8 92. Kf7 Bd5+ 93. Kf8 Be4 94. Rg4 Bc2 95. Rc4 Bb1 96. Rc1 Be4
97. Re1 Bd3 98. Rh1+ Bh7 99. Rh6 1/2-1/2

[Event "Meesterklasse 2018-2109"]
[Site "?"]
[Date "2018.12.15"]
[Round "5.1"]
[White "Van den Berg, Bram"]
[Black "Riemersma, Li"]
[Result "1/2-1/2"]
[WhiteElo "2206"]
[BlackElo "2443"]
[PlyCount "87"]
[EventDate "2018.09.15"]
[EventType "team-tourn"]
[EventRounds "9"]
[EventCountry "NED"]
[WhiteTeam "De Stukkenjagers"]
[BlackTeam "BSG"]
[WhiteTeamCountry "NED"]
[BlackTeamCountry "NED"]

1. e4 c6 2. d4 d5 3. e5 Bf5 4. h4 h5 5. Bg5 Qa5+ 6. c3 e6 7. Bd3 Bxd3 8. Qxd3
Qa6 9. Qf3 c5 10. Ne2 Nc6 11. O-O Nge7 12. Nd2 Nf5 13. Ng3 Nce7 14. dxc5 Rc8
15. b4 b6 16. cxb6 Qxb6 17. Bxe7 Nxe7 18. Nb3 Ng6 19. Rfe1 Nxh4 20. Qd3 Ng6 21.
Nd4 h4 22. Nf1 Rh5 23. Nd2 Nxe5 24. Qe2 g6 25. Rac1 Bg7 26. a4 Kf8 27. a5 Qd6
28. N2b3 Nd7 29. Qf3 Kg8 30. Qh3 Qf4 31. Re3 Nf8 32. Rce1 Rc4 33. b5 Qb8 34.
Qf3 e5 35. Nc6 Qxb5 36. Ne7+ Kh7 37. Qxf7 Rf4 38. Qxd5 Qe8 39. Nc6 e4 40. Qc4
h3 41. Rxe4 hxg2 42. Rxe8 Rxc4 43. Nbd4 Rxc3 44. Kxg2 1/2-1/2

[Event "Meesterklasse 2018-2109"]
[Site "?"]
[Date "2018.12.15"]
[Round "5.2"]
[White "Garrido Dominguez, Jesus"]
[Black "Van Osch, Mees"]
[Result "1/2-1/2"]
[WhiteElo "2407"]
[BlackElo "2293"]
[PlyCount "149"]
[EventDate "2018.09.15"]
[EventType "team-tourn"]
[EventRounds "9"]
[EventCountry "NED"]
[WhiteTeam "BSG"]
[BlackTeam "De Stukkenjagers"]
[WhiteTeamCountry "NED"]
[BlackTeamCountry "NED"]

1. e4 c5 2. Nf3 Nc6 3. d4 cxd4 4. Nxd4 Nf6 5. Nc3 d6 6. g3 g6 7. Nde2 Bg7 8.
Bg2 O-O 9. O-O a6 10. h3 Qc7 11. a4 b6 12. Nd5 Nxd5 13. exd5 Ne5 14. Nd4 Bb7
15. b3 Qc3 16. Be3 Rac8 17. Ra2 Nd7 18. Ne2 Qa5 19. Qe1 Qxe1 20. Rxe1 Nc5 21.
Nd4 Rfe8 22. Rd1 Rc7 23. Ra3 e6 24. b4 Nd7 25. dxe6 fxe6 26. Bxb7 Rxb7 27. Nc6
d5 28. b5 axb5 29. axb5 Ne5 30. Nxe5 Bxe5 31. Ra6 Rc8 32. Bxb6 Kf7 33. Re1 Bf6
34. Re2 e5 35. Ra7 Rcb8 36. Bc7 Rxa7 37. Bxb8 Ra1+ 38. Kg2 Ke6 39. Bxe5 Bxe5
40. f4 Rb1 41. Rxe5+ Kd6 42. h4 Rxb5 43. h5 Rb2 44. Re2 d4 45. Kf3 Kd5 46. h6
Kc4 47. Re7 Rxc2 48. Rxh7 Rh2 49. Rd7 d3 50. h7 Kc3 51. Ke4 Re2+ 52. Kf3 Rh2
53. Rc7+ Kd2 54. Rc6 Rxh7 55. Rxg6 Rd7 56. Rc6 Ke1 57. Rh6 Kd1 58. f5 d2 59.
Rh2 Kc1 60. Rxd2 Kxd2 61. Ke4 Re7+ 62. Kf4 Kd3 63. g4 Re4+ 64. Kg5 Kd4 65. Kf6
Rxg4 66. Ke6 Re4+ 67. Kd6 Rf4 68. Ke6 Re4+ 69. Kd6 Rh4 70. f6 Rh6 71. Ke7 Ke5
72. f7 Re6+ 73. Kd7 Rf6 74. Ke7 Rxf7+ 75. Kxf7 1/2-1/2

[Event "Meesterklasse 2018-2109"]
[Site "?"]
[Date "2018.12.15"]
[Round "5.3"]
[White "Beukema, Stefan"]
[Black "Ris, Robert"]
[Result "1-0"]
[WhiteElo "2402"]
[BlackElo "2430"]
[PlyCount "39"]
[EventDate "2018.09.15"]
[EventType "team-tourn"]
[EventRounds "9"]
[EventCountry "NED"]
[WhiteTeam "De Stukkenjagers"]
[BlackTeam "BSG"]
[WhiteTeamCountry "NED"]
[BlackTeamCountry "NED"]

1. f4 Nf6 2. Nf3 b6 3. g3 Bb7 4. Bg2 g6 5. O-O Bg7 6. d3 d5 7. Qe1 O-O 8. h3 c5
9. g4 Nc6 10. f5 Ne8 11. Na3 e6 12. e4 dxe4 13. dxe4 Nd4 14. c3 Nxf3+ 15. Rxf3
exf5 16. gxf5 Nd6 17. Rd3 Qe7 18. Bf4 Nxe4 19. Rad1 Bc6 20. Rd6 1-0

[Event "Meesterklasse 2018-2109"]
[Site "?"]
[Date "2018.12.15"]
[Round "5.4"]
[White "Janssen, Ruud"]
[Black "Grooten, Herman"]
[Result "1-0"]
[WhiteElo "2495"]
[BlackElo "2345"]
[PlyCount "53"]
[EventDate "2018.09.15"]
[EventType "team-tourn"]
[EventRounds "9"]
[EventCountry "NED"]
[WhiteTeam "BSG"]
[BlackTeam "De Stukkenjagers"]
[WhiteTeamCountry "NED"]
[BlackTeamCountry "NED"]

1. c4 c5 2. Nf3 Nf6 3. Nc3 b6 4. g3 Bb7 5. Bg2 e6 6. O-O Be7 7. Re1 a6 8. e4 d6
9. d4 cxd4 10. Nxd4 Qc7 11. Be3 O-O 12. Rc1 Nbd7 13. f4 Rfe8 14. g4 Nc5 15. Bf2
e5 16. Nf5 Bf8 17. b4 Ne6 18. Nd5 Qb8 19. Nxf6+ gxf6 20. Bh4 Nxf4 21. Bxf6 Re6
22. g5 b5 23. Qg4 bxc4 24. Rf1 h6 25. Rxf4 exf4 26. Nxh6+ Kh7 27. Qf5# 1-0

[Event "Meesterklasse 2018-2109"]
[Site "?"]
[Date "2018.12.15"]
[Round "5.5"]
[White "Haast, Mark"]
[Black "Willemze, Thomas"]
[Result "1-0"]
[WhiteElo "2364"]
[BlackElo "2401"]
[PlyCount "97"]
[EventDate "2018.09.15"]
[EventType "team-tourn"]
[EventRounds "9"]
[EventCountry "NED"]
[WhiteTeam "De Stukkenjagers"]
[BlackTeam "BSG"]
[WhiteTeamCountry "NED"]
[BlackTeamCountry "NED"]

1. c4 e5 2. g3 Nf6 3. Bg2 g6 4. Nc3 d6 5. e4 Bg7 6. Nge2 Nc6 7. d3 Nd7 8. O-O
Nc5 9. Be3 Nd4 10. f4 Bg4 11. h3 exf4 12. gxf4 Bh5 13. Qd2 Nxe2+ 14. Nxe2 Bxe2
15. Qxe2 Qe7 16. Rad1 O-O 17. Qf2 a5 18. h4 Nd7 19. h5 Nf6 20. Qh4 Nd5 21. Qxe7
Nxe7 22. hxg6 fxg6 23. d4 Rab8 24. b3 h5 25. Bh3 Kh7 26. d5 Bh6 27. Rf2 Ng8 28.
Re1 Rbe8 29. Be6 Nf6 30. Bd2 Ng4 31. Bxg4 hxg4 32. Kg2 b6 33. Kg3 Bg7 34. Kxg4
Bd4 35. Rf3 Kg7 36. Bc3 Bxc3 37. Rxc3 Rh8 38. Rh3 Rxh3 39. Kxh3 g5 40. e5 gxf4
41. e6 Kf6 42. Kg4 c6 43. Kxf4 cxd5 44. cxd5 Rh8 45. e7 Re8 46. Re6+ Kf7 47.
Kf5 b5 48. Rf6+ Kg7 49. Ke6 1-0

[Event "Meesterklasse 2018-2109"]
[Site "?"]
[Date "2018.12.15"]
[Round "5.6"]
[White "Erwich, Frank"]
[Black "Kampman, Tijmen"]
[Result "1-0"]
[WhiteElo "2354"]
[BlackElo "2264"]
[PlyCount "81"]
[EventDate "2018.09.15"]
[EventType "team-tourn"]
[EventRounds "9"]
[EventCountry "NED"]
[WhiteTeam "BSG"]
[BlackTeam "De Stukkenjagers"]
[WhiteTeamCountry "NED"]
[BlackTeamCountry "NED"]

1. e4 c6 2. c4 g6 3. Nc3 Bg7 4. d4 d6 5. Nf3 Nf6 6. Be2 O-O 7. O-O a6 8. b4 Qc7
9. Qb3 Nbd7 10. Bb2 Nh5 11. Rfd1 Nf4 12. Bf1 e5 13. d5 c5 14. a3 b6 15. Rab1
Nf6 16. Ne1 Ng4 17. Bc1 f5 18. bxc5 bxc5 19. f3 Nh6 20. Be3 fxe4 21. Nxe4 Bf5
22. Qb6 Qd7 23. Qc6 Qd8 24. Rb7 Bxe4 25. fxe4 Qg5 26. Bxf4 Qxf4 27. Nd3 Qxe4
28. Qxd6 Nf5 29. Qe6+ Kh8 30. Nf2 Qf4 31. Nh3 Qe3+ 32. Kh1 Rae8 33. Qb6 e4 34.
d6 Bd4 35. Qc7 Qh6 36. Be2 Be5 37. Qxc5 Bxd6 38. Rxd6 Kg8 39. Qd5+ Kh8 40. Rdd7
Qc1+ 41. Qd1 1-0

[Event "Meesterklasse 2018-2109"]
[Site "?"]
[Date "2018.12.15"]
[Round "5.7"]
[White "Baselmans, Luuk"]
[Black "Ootes, Lars"]
[Result "0-1"]
[WhiteElo "2093"]
[BlackElo "2354"]
[PlyCount "120"]
[EventDate "2018.09.15"]
[EventType "team-tourn"]
[EventRounds "9"]
[EventCountry "NED"]
[WhiteTeam "De Stukkenjagers"]
[BlackTeam "BSG"]
[WhiteTeamCountry "NED"]
[BlackTeamCountry "NED"]

1. e4 d6 2. d4 Nf6 3. Nc3 g6 4. Be3 c6 5. f3 b5 6. Qd2 Nbd7 7. g4 Nb6 8. g5 Nh5
9. Bd3 e5 10. Nce2 Bg7 11. O-O-O O-O 12. dxe5 dxe5 13. Ng3 Nf4 14. h4 Qe7 15.
Kb1 Na4 16. N1e2 Be6 17. a3 a5 18. Nc3 Nxd3 19. Nxa4 Rfd8 20. cxd3 bxa4 21. Rc1
Rab8 22. Rc3 Rb5 23. Qc1 Qb7 24. Bc5 Rb3 25. Rd1 Qb5 26. Rd2 h5 27. Qc2 Rxc3
28. Qxc3 Qb3 29. Qxb3 axb3 30. Bb6 Ra8 31. d4 exd4 32. Bxd4 Rd8 33. Bc3 Rxd2
34. Bxd2 Bc4 35. Bxa5 Be5 36. Be1 Bd3+ 37. Ka1 f6 38. gxf6 Bxf6 39. Nh1 Be2 40.
Bg3 Bxf3 41. Nf2 Bd4 42. e5 c5 43. Nh3 c4 44. Ng5 Bd5 45. Be1 Bxe5 46. a4 Kg7
47. a5 Kf6 48. Nh7+ Kf5 49. Nf8 Bc6 50. Bb4 Bf6 51. Be1 Be7 52. Nh7 Bb7 53. Kb1
Kg4 54. Kc1 Bxh4 55. Bb4 Kf5 56. Kd2 Bg3 57. Be7 Be5 58. Kc1 Bf4+ 59. Kb1 Be4+
60. Ka1 c3 0-1